|
|
|
|
| LEADER |
00697nab#a2200289#ar4500 |
| 001 |
000043313 |
| 003 |
SVKKK |
| 005 |
20030807085131.0 |
| 008 |
030807c1998 e sloo |
| FMT |
|
|
|
| 038 |
|
|
|a SVKKK
|
| 040 |
|
|
|a SVKKK
|b slo
|e AACR2
|
| 041 |
0 |
|
|a slo
|
| 080 |
|
|
|a 325.25
|2 1981
|
| 080 |
|
|
|a 39
|2 1981
|
| 100 |
0 |
|
|a jsl
|4 aut
|
| 245 |
1 |
0 |
|a Rómov v Jelšave nechcú
|c jsl ,
|
| 260 |
|
|
|c 1998
|
| 650 |
0 |
4 |
|a informácie
|
| 650 |
0 |
4 |
|a migrácia Rómov
|z Rómovia košickí
|z Jelšava
|z Košice
|
| 773 |
0 |
|
|t Košický večer
|g Roč. 9, č. 236(1998), dát. 1208, s. 2
|
| 957 |
|
|
|a Jelšava%Košice
|
| 974 |
|
|
|a Cr
|
| 992 |
|
|
|a RBX
|
| BAS |
|
|
|
| 852 |
|
|
|a SVKKK
|b BIB
|
| 998 |
|
|
|a REG
|